000 00463nam a2200181Ia 4500
001 9756
005 20260306161741.0
008 260306t2002||||xx |||||||||||||| ||spa||
041 _aESP
082 _a411
_bH83
100 _aHuamán Cabrera, Félix
_eAUT
245 0 _aComunicación escrita:
_bproducción de textos (método sintáctico)
260 _c2002
300 _a121 páginas :
_c20 cm.
650 _aGEN
654 _aCHU
942 _cLIB
_dJUS
_fJUS
_2ddc
_n
999 _c9756
_d9756